000 00488 a2200169 4500
003 OSt
005 20231208161842.0
008 231208b |||||||| |||| 00| 0 eng d
020 _a9788126435524
040 _coclc
082 _a954.83
_bPAN/K
100 _a Panickassery, Velayudhan
_91773
245 _aKERALATHILE RAAJAVAMSANGAL /
_cVelayudhan Panickassery
260 _bD C Books,
_c2019.
300 _a373p
942 _2ddc
_cBK
_h954.83
_iPAN/K
_k954.83
_mPAN/K
999 _c44176
_d44176